| 000 | 00437nam a22001697a 4500 | ||
|---|---|---|---|
| 003 | OSt | ||
| 005 | 20140310182209.0 | ||
| 008 | 130905t xxu||||| |||| 00| 0 eng d | ||
| 050 |
_aTX 642 _b.T383 2007 |
||
| 082 |
_aHS 808.83 _bT34 1997 |
||
| 245 | _aTreats. Just great recipes : desserts. | ||
| 260 |
_aChina : _b McRAE Books, _cc2007. |
||
| 300 |
_a64 p. : _bill. _c20 cm. |
||
| 942 |
_2lcc _cHS |
||
| 999 |
_c10407 _d10407 |
||